[Event "21st European Teams"]
[Site "Hersonissos GRE"]
[Date "2017.11.01"]
[Round "5.1"]
[White "Mamedyarov, Shakhriyar"]
[Black "Navara, David"]
[Result "1-0"]
[WhiteElo "2791"]
[BlackElo "2726"]
[EventDate "2017.10.28"]
[Annotator "Bojkov,Dejan"]
[PlyCount "73"]
[Beauty "7908112476199"]
[EventType "team-tourn"]
[WhiteTeam "Azerbaijan"]
[BlackTeam "Czech Republic"]
[WhiteTeamCountry "AZE"]
[BlackTeamCountry "CZE"]

1.d4 d5 2.c4 dxc4 {Another QGA in Crete.} 3.e3 Nf6 4.Bxc4 e6 5.Nf3 c5 6.O-O a6 7.Qe2 b5 8.Bd3 cxd4 9.Rd1 ( {The alternative is} 9.exd4 Be7 10.a4 bxa4 11.Nc3 O-O 12.Nxa4 {with typical IQP position in Wojtaszek,R (2727) -Dominguez Perez,L (2732) Huaian 2016} ) 9...Be7 10.a4 {Judging by Mamedyarov's quick and confident play this is all home brewed. There are just two games played in this line. The stem one being Ibragimov-Baburin.} 10...bxa4 11.Rxa4 dxe3 {A principled move.} ( {Declining the pawn offer will leave Black suffering for nothing-} 11...Bd7 12.Rxd4 Nc6 13.Rc4 {Konings,L (2298) -Jonkman,H (2520) Netherlands 2002} ) 12.Bxe3 ( 12.Bb5+ {is an empty blow after} 12...Bd7 ) 12...Nbd7 $146 {And an over-the-board novelty by Navara. The Czech Grandmaster was never shy in confessing his poor opening preparation. Still, his tremendous tallent kept him showing wonderful results.} ( {The only predecessor saw Black repelling the attack after:} 12...Bd7 13.Bc2 ( {Both} 13.Rc4 $5 ) ( {and} 13.Rh4 $5 {are possible improvements for White.} ) 13...Qc7 14.Nc3 O-O 15.Rh4 Nc6 16.Bf4 Qb7 17.Ne5 g6 {although at this stage of the game White definitely had enough for the pawn, Ibragimov,I (2554)-Baburin,A (2593) London 1999} ) ( {Surely not} 12...O-O $2 13.Bxh7+ ) 13.Nc3 {As a result of the sacrifice White has a typical isolated queen's pawn position, with the small detail that he is missing that pawn! That is the point actually. White very often wants to advance this pawn (d4-d5) and this is his main idea. Without the pawn he has serious pressure along the open files and diagonals.} 13...O-O 14.Bg5 Bb7 ( {Breaking the pin at once with} 14...Qb6 $5 {makes perfect sense too.} ) ( {Another idea is to give the pawn back with} 14...Rb8 $5 15.Bxa6 Bxa6 16.Rxa6 Qc8 ) 15.Rd4 ( {Mamedyarov could have already tried to make use of the pin with} 15.Ne5 {In that case Black should avoid} 15...h6 ( {However} 15...Nxe5 $5 {deserves attention when after} 16.Bxh7+ Nxh7 17.Rxd8 Nf3+ 18.gxf3 Bxd8 19.Bxd8 Rfxd8 {the strong bishop on b7 should compensate the second player for the pawn deficit.} ) 16.Nxd7 Nxd7 17.Bxh6 $1 {with a strong attack.} ) 15...Bxf3 16.Qxf3 Ne5 17.Qe3 $1 {Almost all the white pieces are pointed at the opponent's king's flank and Navara has to be extremely careful.} ( {In case of} 17.Qh3 Qxd4 18.Bxf6 ( {White should avoid} 18.Bxh7+ $2 Nxh7 19.Rxd4 Nxg5 {when Black is winning.} ) 18...Qxd3 $1 19.Rxd3 Bxf6 20.Rd1 Rfd8 {Black has no problems at all.} ) 17...Qb8 ( {Perhaps} 17...Qc7 $5 {is more accurate, with the idea to meet} 18.Bf4 {with} 18...Nfg4 19.Qg3 Bc5 {For example} 20.Be2 Bxd4 21.Rxd4 Qb6 22.Bxe5 Nxe5 23.Qxe5 Qxb2 {and as long Black is not getting checkmated by force (he is not) he should be OK.} ( {Or} 23...Qb8 $5 ) ) 18.Bf4 Neg4 {This is inaccurate to say the least.} ( 18...Nfg4 $1 {was still the move. After a possible} 19.Qg3 ( {Or} 19.Qe2 Bc5 20.Bc4 Bxd4 21.Rxd4 Rc8 22.b3 Rxc4 $1 23.bxc4 Qb4 {and Black is fine.} ) 19...Bc5 20.Be2 ( 20.Be4 $5 ) 20...Bxd4 21.Rxd4 Qxb2 22.Rd2 {the position remains extremely complicated, but the impression is that Black is good.} ) 19.Qe2 e5 ( {Similar is} 19...Qa7 20.Bg3 ) 20.Bg3 {Now the black knights are loose and in order to defend them Navara has to weaken his kingside.} 20...h5 21.Nd5 $1 {Trading one of the defenders.} 21...Re8 ( {Perhaps the most resilient defense was} 21...Nxd5 22.Rxd5 Qb6 23.Bxe5 Bf6 {although White is better here too.} ) 22.h3 ( {The immediate} 22.Nxf6+ Bxf6 23.Qe4 g6 24.Rd7 {might have been better.} ) 22...h4 ( 22...Bc5 $5 {seems more solid, with the idea} 23.Rc4 ( {But Navara probably feared the stunning} 23.Re4 $1 Nxe4 24.Qxe4 Nf6 25.Nxf6+ gxf6 26.Qh7+ Kf8 27.Bc4 {with devastating attack.} ) 23...Nxd5 24.Rxc5 Nf4 ) 23.Nxf6+ Bxf6 24.Qe4 g6 ( {In case of} 24...Kf8 {there is} 25.Qh7 $1 {with the idea} 25...hxg3 26.Rd7 gxf2+ 27.Kh1 ) 25.Bc4 Kg7 26.Rd7 Re7 ( 26...Rf8 {does not help after} 27.Bxh4 Bxh4 28.Qxg4 Bf6 29.Bd3 ) ( {Black is helpless after} 26...hxg3 27.Bxf7 gxf2+ 28.Kh1 ) 27.Bxh4 Bxh4 28.Qxg4 {Mamedyarov regained the pawn and preserved a strong attack thanks to the opposite-colored bishops. On top of that Navara was very low on time.} 28...Bf6 29.R7d6 {A safe choice.} ( 29.Bxf7 $1 {was very nice after} 29...Kxf7 ( 29...Rxf7 30.Qe6 ) 30.R1d6 Qh8 31.Rxe7+ Bxe7 32.Qxg6+ Kf8 33.Qf5+ Ke8 34.Rd3 {and wins.} ) 29...Rc7 ( {The last chance was the computer defense} 29...Qh8 $1 30.Qf3 Bg5 31.Qe4 Rg8 {although it is very unlikely for Black to survive here too.} ) 30.Qf3 ( 30.Rd7 $5 ) 30...Bh4 31.Rd7 {White reaches the f7 point and the black king.} 31...Rxd7 32.Rxd7 Qb4 33.Qxf7+ {And mate in five.} 33...Kh6 34.Qh7+ Kg5 35.f4+ Kf5 36.Qf7+ Ke4 37.Qxg6+ 1-0

[Event "FIDE Grand Prix Palma 2017"]
[Site "Palma de Mallorca"]
[Date "2017.11.16"]
[Round "1"]
[White "Vachier Lagrave, Maxime"]
[Black "Gelfand, Boris"]
[Result "1-0"]
[WhiteElo "2796"]
[BlackElo "2719"]
[EventDate "2017.??.??"]
[Annotator "Bojkov,Dejan"]
[PlyCount "67"]
[Beauty "8111851053589"]
[EventType "swiss"]
[EventCountry "ESP"]

1.e4 c5 2.Nf3 Nc6 3.Nc3 g6 {Gelfand often reverts to the Accelerated Dragon in case that his opponent adopts the Anti-Sveshnikov move order. By doing so he avoids the Maroczy Bind formation.} 4.d4 cxd4 5.Nxd4 Bg7 6.Be3 Nf6 7.Bc4 O-O 8.Bb3 d5 {This is how the Israeli GM likes to play, lately.} ( 8...d6 {reverts the game back into the normal Dragon where Vachier-Lagrave has a lot of experience. One example is the following blitz game} 9.f3 Bd7 10.Qd2 Rc8 11.h4 h5 12.O-O-O Ne5 13.Kb1 Nc4 14.Bxc4 Rxc4 15.Nde2 {and the theory had not yet begun, Vachier-Lagrave,M (2796)-Grischuk,A (2761) Paris 2017} ) ( {The genuine Accelerated Dragon players may also choose the line} 8...a5 9.O-O a4 10.Nxa4 Nxe4 11.Nb5 Rxa4 12.Bxa4 Bxb2 {as in Karjakin,S (2694)-Jones,G (2567) Heraklion 2007} ) 9.exd5 Na5 10.O-O ( {An alternative for White is} 10.Qf3 Nxb3 11.axb3 Bg4 12.Qg3 Bh5 13.d6 exd6 14.O-O {when the weak pawn on d6 is compensated by the bishop pair by Black, Wei,Y (2753)-Li,C (2744) Huocheng County 2017} ) 10...Nxb3 11.Nxb3 b6 12.d6 {The pawn cannot be defended on d5 and White hurries to cause some damage to the opponent's position.} 12...e6 {In return Black postpones the capture hoping that he will have a better opportunity for that.} ( {Apparently, Gelfand was not too excited repeating the endgame he had an year ago after} 12...Qxd6 13.Qxd6 exd6 14.Rfe1 Bf5 15.Nd4 Bd7 16.h3 {as in Oparin,G (2616)-Gelfand,B (2725) Moscow 2016} ) 13.Qf3 Rb8 14.Rfd1 $146 {A logical novelty. The question which rook has always been more difficult than one could imagine. Here the the placement of the rooks on c1 and d1 has one obvious advantage: they both support the advance of the pawns. The less obvious plus is that the rook on f1 may fall victim to a bishop skewer on the a6-f1 diagonal.} ( {The only predecessor is a game of Gelfand himself. He managed to survive after:} 14.Rad1 Bb7 15.Qh3 Nd5 16.Nxd5 Bxd5 17.Bd4 Bxd4 18.Rxd4 Rc8 ( 18...b5 $5 19.Qh6 ) 19.Qh6 ( 19.Qd3 $1 b5 20.Qxb5 ( {One disadvantage of the queenside rook sorie is revealed after} 20.c3 Bc4 {skewering some meat on the diagonal.} ) 20...Rxc2 ) 19...Qf6 20.Rc1 {although this might have been pleasant to repeat as White, Adhiban,B (2670)-Gelfand,B (2737) Douglas 2017} ) 14...Bb7 15.Qh3 {Gelfand sank into thought.} 15...Rc8 ( {The less obvious advantage of the move Rf1-d1 becomes clear in the line} 15...Nd5 16.Nxd5 Bxd5 17.Bd4 Bxd4 18.Rxd4 Rc8 19.Qd3 $1 ( 19.Qh6 Qf6 ) 19...b5 20.c3 Bc4 {and this bishop attacks only the queen, which moves away:} ( 20...Qxd6 21.Qxb5 ) 21.Qg3 {with advantage for White. Small details like these form the opening theory for years to come.} ) 16.Bd4 Nd5 ( 16...Rc6 {would be well met with} 17.Qf3 $1 ) 17.Nxd5 Bxd5 18.Bxg7 Kxg7 19.Rac1 $1 {Here is the second advantage in action. The white pieces are placed (almost) ideally to help the passers run. Vachier-Lagrave's novelty worked out quite well.} 19...b5 ( 19...Qxd6 $4 {drops a piece after} 20.c4 ) ( {In case of} 19...Rc6 {White has a choice between the sharp} 20.c4 $5 ( {And the calm} 20.Qg3 ) 20...Bxc4 21.Qg3 {with advantage for White in both cases. But this was perhaps the lesser evil in comparison to the game.} ) 20.Qg3 Qf6 ( {Or} 20...Rc6 21.Nd4 Rxd6 ( 21...Rb6 22.b3 b4 23.Nf5+ $5 Kh8 24.Ne3 ) 22.Nxb5 {with a solid extra pawn.} ) 21.Nd4 b4 {Trying to keep the pawns blocked. However} 22.c4 $1 {is still very strong.} 22...bxc3 ( {If} 22...Rxc4 23.Rxc4 Bxc4 24.Nc6 Bd5 25.Nxb4 {keeps the extra material.} ) ( 22...Bxc4 $2 {is even worse for Black after} 23.d7 Rc5 24.b3 ) 23.Rxc3 Rxc3 $6 {This makes things easier for White. The two passers are massive.} ( {The most resilient way was} 23...Rb8 24.b3 Rfd8 {although White's advantage is indusputable here as well.} ) 24.bxc3 Rd8 ( {If} 24...Rc8 25.d7 Rd8 26.Qd6 {and the pawns will resume their motion shortly.} ) 25.h4 {Another nice touch. One idea is to trade the queens in the proper moment. The other is to have air for the king in case of any back rank checks.} 25...e5 26.Nf5+ Qxf5 27.Rxd5 Qe4 ( {You have already noticed that} 27...Qb1+ {is not mate and White should win after} 28.Kh2 Qxa2 29.Qxe5+ ) 28.c4 {Keeping the passers together is the best.} ( 28.Rxe5 $6 Qb1+ 29.Kh2 Rxd6 {is not that great for White.} ) 28...f6 ( {The white passer is unstoppable after} 28...Qxc4 29.Qxe5+ Kg8 30.d7 Qxh4 31.Rb5 ) 29.Qc3 Qb1+ 30.Kh2 Qxa2 31.Rd2 {Calm play. MVL knows that the pawns are unstoppable.} ( {There was also the flashy win after} 31.Rxe5 fxe5 ( {But why to allow any checks after} 31...Qxf2 32.Re7+ Kg8 33.c5 ) 32.Qxe5+ Kg8 33.Qe6+ Kg7 34.Qe7+ ) 31...Qa4 32.g3 Qc6 33.c5 Rd7 34.Qc4 {Once that the blockade is lifted nobody can stop the passers.} ( 34.Qc4 {A possible finish would have been} 34...Kf8 35.Qd5 Qxd5 36.Rxd5 Ke8 37.c6 Rg7 38.d7+ Kd8 39.c7+ ) 1-0

[Event "FIDE Grand Prix Palma 2017"]
[Site "Palma de Mallorca"]
[Date "2017.11.19"]
[Round "4"]
[White "Aronian, Levon"]
[Black "Giri, Anish"]
[Result "1-0"]
[WhiteElo "2801"]
[BlackElo "2762"]
[EventDate "2017.??.??"]
[Annotator "Bojkov,Dejan"]
[PlyCount "53"]
[Beauty "8246874088970"]
[EventType "swiss"]
[EventCountry "ESP"]

1.Nf3 Nf6 2.c4 g6 3.Nc3 {The Anti-Gruenfeld was to be expected against Giri.} 3...d5 4.cxd5 Nxd5 5.d3 ( {The endgame arising after} 5.e4 Nxc3 6.dxc3 Qxd1+ 7.Kxd1 {is very popular of lately, So,W (2812)-Mamedyarov,S (2800) Paris 2017} ) ( {But Aronian himself prefers to keep the queens on the board as in a game against the same opponent an year ago:} 5.e4 Nxc3 6.bxc3 Bg7 7.Ba3 O-O 8.d4 b6 9.Bc4 {Aronian, L (2792)-Giri,A (2782) Leuven 2016} ) 5...Bg7 6.Bd2 O-O 7.g3 c5 8.h4 $146 {A novelty. I have noticed that the creative attacking players have passion for this move. Before Aronian, there was Larsen.} ( {The standart way of attacking the kingside is} 8.Bg2 Nc6 9.O-O e6 10.Qc1 b6 11.Bh6 Bb7 12.Bxg7 Kxg7 13.Rd1 Rc8 {But this does not yield White much, Bischoff,K (2504)-Li,C (2711) Germany 2014} ) 8...Nc6 {Solid central play by Giri.} ( {We are all curious to see what did the Armenian wizard prepare after} 8...h5 ) 9.h5 Nxc3 10.bxc3 c4 $1 {This is a must as otherwise White would do whatever he likes on the kingside.} 11.hxg6 hxg6 12.Qa4 {Swinging over the queen onto the kingside along the fourth.} 12...Na5 ( {Aronian believed that the strongest move was} 12...Qd5 $1 13.dxc4 ( {with the key idea to swap the queens off after} 13.Qxc4 Qxc4 14.dxc4 ) ( {However, there is the super-sharp line} 13.e4 Qc5 14.d4 Nxd4 15.cxd4 Bxd4 {which one should enter only after a week spent with oyur silicon friend.} ) 13...Qa5 {chasing the white queen and in order to trade it.} ) ( 12...cxd3 {looks dangerous at least after} 13.Qh4 f6 14.Bh6 ) 13.d4 b6 14.Bg2 Bb7 15.Qc2 {Now White's plan is more than obvious -- to mate along the open h-file. What Black is doing remains a mystery.} 15...Qd5 16.Nh4 Qd7 17.e4 e5 {Fighting for the center again.} ( 17...Bc6 18.Qc1 ) 18.d5 $1 {No brainer. The center should remain blocked.} 18...Bc8 ( {Similar would be} 18...Ba6 19.f4 {With the idea to meet} ( 19.Nf3 $5 ) 19...Qg4 {with} 20.Bf3 $3 Qxg3+ 21.Ke2 {The queen is trapped and even the tricky} 21...Nb3 {does not help after} 22.Rag1 Nd4+ 23.cxd4 c3+ 24.Kd1 Qf2 25.Bxc3 {with a win for White.} ) 19.f4 Qe7 ( {Once again} 19...Qg4 {is met with} 20.Bf3 $1 Qxg3+ 21.Ke2 ) ( {While} 19...exf4 20.gxf4 Nb7 21.Be3 {leaves Black poorly coordinated and centerless....} ) 20.f5 $1 {The pawns open the games for the heavy pieces.} 20...g5 ( 20...gxf5 {would have led to a disaster after} 21.Bh3 fxe4 22.Bxc8 Raxc8 23.Nf5 {Black is completely helpless against the knight on f5. A sample line-} 23...Qd7 24.Qxe4 Rfe8 25.Nxg7 Kxg7 26.Qh7+ Kf6 27.Rh6+ Ke7 28.Bg5+ Kf8 29.Qh8# ) ( {But maybe} 20...Qd6 {was more stubborn.} ) 21.Qd1 $3 {Aronian in action! Guess what is my sissy computer is suggesting?} ( {Yeah, it is the retreat} 21.Nf3 ) 21...gxh4 22.Rxh4 Rd8 ( {The defensive set-up after} 22...f6 {is breached with} 23.Qh5 Rf7 24.Qh7+ Kf8 25.Bf3 $1 Qc5 26.Kf1 $1 {To stop any checks and the rest is clear-} 26...Nb7 27.Rg4 Nd6 28.Rxg7 Rxg7 29.Qh8+ Kf7 30.Bh5+ ) ( {The king cannot stay on the flank-} 22...Re8 23.Qg4 Kf8 24.Rh8+ $1 Bxh8 25.Bh6+ Bg7 26.Qxg7# ) 23.Qh5 Kf8 ( {If} 23...f6 24.Qh7+ Kf8 25.Rg4 $1 {destroys the last defender after} 25...Nb7 26.Rxg7 Qxg7 27.Bh6 ) 24.Rg4 Bf6 {This loses on the spot.} ( {The last try was} 24...Qd6 $1 {In that case I suspect that Aronian wanted to play} 25.Rxg7 $1 Kxg7 26.Qg5+ Kf8 27.Kf2 $1 ( {Not on} 27.Ke2 {since in the line} 27...Ke8 28.Qg7 ( {Or} 28.Rh1 Kd7 29.Rh6 Qf8 {and Black seems to organize his defense.} ) 28...Qf8 29.Qxe5+ Qe7 30.Qg7 f6 $1 ( {Or even} 30...Bxf5 {the king on e2 disturbs the attack.} ) ) 27...Ke8 28.Qg7 {White's atatck is still very strong. For example} 28...Kd7 ( {Here} 28...Qf8 29.Qxe5+ Qe7 30.Qg7 f6 31.Qg6+ Qf7 32.Rh1 $1 {suprisingly leads to a won endgame down a rook for White!} 32...Qxg6 33.fxg6 Ke7 34.e5 {and Black is helpless.} ) 29.Qxf7+ Qe7 30.Qxe7+ $1 {One again White does not mind trading the queens.} 30...Kxe7 31.Bg5+ Kd7 32.Bxd8 Kxd8 33.Rh1 {and thanks to the strong pieces and advanced passers White should win.} ) 25.Bh6+ Ke8 26.Rg8+ Kd7 27.d6 $1 {The queen is trapped and Black loses at least a rook.} ( 27.d6 Qxd6 ( 27...Kxd6 28.Rd1+ Kc7 29.Rgxd8 ) 28.Rd1 Qxd1+ 29.Qxd1+ ) 1-0

[Event "FIDE Grand Prix Palma 2017"]
[Site "Palma de Mallorca"]
[Date "2017.11.19"]
[Round "5"]
[White "Radjabov, Teimour"]
[Black "Harikrishna, P."]
[Result "1/2-1/2"]
[WhiteElo "2741"]
[BlackElo "2738"]
[EventDate "2017.??.??"]
[Annotator "Bojkov,Dejan"]
[PlyCount "61"]
[Beauty "6600693647366"]
[EventType "swiss"]
[EventCountry "ESP"]

1.Nf3 d5 2.c4 {According to my Megabase Radjabov used this move order only twice in official games.} 2...d4 3.g3 ( {Previously the Azerbaijani GM tested the line} 3.b4 f6 4.d3 e5 5.b5 a6 6.bxa6 Nxa6 7.g3 Bb4+ 8.Bd2 {Radjabov,T (2781)-Naiditsch,A (2712) Porto Carras 2011} ) 3...c5 4.Bg2 Nc6 5.O-O e5 6.d3 Nf6 7.e3 Be7 8.exd4 cxd4 {Now it is a reversed Benoni.} ( {The other capture is also possible-} 8...exd4 9.Bf4 O-O 10.Ne5 Nxe5 11.Bxe5 Bd6 12.Bxf6 Qxf6 13.Nd2 {as in Movsesian,S (2680)-Buhmann,R (2596) Minsk 2017} ) 9.Re1 Nd7 10.Na3 {The influence of Vugar Gashimov on the Azerbaijani chess is so strong that almost all his teammembers have tried the Benoni with either color.} 10...O-O ( 10...Bxa3 $6 11.bxa3 {would definitely make White happy with the play along the b-file and the long diagonal.} ) 11.Nc2 {Carefully preparing the b2-b4 advance.} 11...a5 12.b3 f6 {Harikrishna chose the very solid Saemish set-up.} 13.Nd2 Nc5 14.Ne4 Bf5 $146 {A normal developing move and a novelty.} ( {An email game saw previously:} 14...Ne6 15.Nd2 Kh8 16.Qe2 Ra6 {with approximate eqaulity, Egelhof,H (2016)-Tauber,H (2207) GER email 2012} ) 15.Nxc5 Bxc5 16.a3 Rb8 {The rook overprotects the b7 pawn in advance.} 17.Rb1 Qd6 18.Qf3 Bg6 ( {If} 18...Be6 19.Qe2 Bf5 {White would be a tempo up. It is another question if he can use it effectively.} ) 19.h4 {Typical play for the Benoni on both flanks.} 19...h5 {Again, solid choice by Harikrishna.} ( {A much sharper option was:} 19...Rfe8 20.h5 e4 $5 {With the idea to get sufficient compensation for the pawn after} 21.dxe4 Ne5 22.Qd1 Bxh5 $1 23.Qxh5 d3 24.Ne3 d2 25.Bxd2 Qxd2 {The most likely scenario in this case would be} 26.Qe2 Qxe2 27.Rxe2 Bxa3 {with equality.} ) 20.Rd1 {Apparently Radjabov understood the danger behind the e5-e4 advance and decided to overprotect the d-file.} 20...Rfe8 ( {Although} 20...e4 $5 {was still very interesting, for example} 21.dxe4 Ne5 22.Qf4 d3 23.Ne3 Bxa3 ( {Or} 23...b5 $5 {with compensation for the pawn.} ) ) 21.b4 {Now White gets a little bit of an initiative.} 21...axb4 22.Qd5+ Qxd5 23.Bxd5+ Kh7 24.axb4 Bf8 25.Kf1 ( {Since in case of the immediate} 25.b5 {the black knight will be nicely re-routed to c5 after} 25...Nd8 26.Ra1 Ne6 ) 25...Rec8 26.b5 {Now is good time.} 26...Na5 {This move creates the flashy Na5xc4 threat, but is somewhat inaccurate.} ( 26...Ne7 {was more precise. Then if} 27.Bf3 ( {Better would be} 27.Be6 Re8 28.Ba3 Nc8 29.Bxf8 Rxe6 {with equal endgame.} ) 27...Rxc4 $1 {works and Black wins a pawn.} 28.dxc4 Bxc2 ) 27.Rb2 e4 28.Bxe4 {Resigning to the draw.} ( {The only chance to play for the advantage was} 28.Bf4 $1 exd3 29.Ne1 Ra8 30.Ra2 Nb3 31.Rxa8 Rxa8 32.Bxb7 Ra2 {Now} 33.Nf3 {is maybe a little bit better for White, but not much after either} ( {Most likely Radjabov saw the line} 33.Nxd3 Bxd3+ 34.Rxd3 Nc5 35.Rxd4 Nxb7 {and did not like it.} ) 33...Bc5 ( {Or} 33...Nc5 ) ) 28...Bxe4 29.dxe4 Nxc4 30.Ra2 Nd6 31.Nxd4 {The resources of the battle are exhausted.} ( 31.Nxd4 Nxe4 ) 1/2-1/2